Информатика: учебное пособие

Podrobná bibliografie
Hlavní autor: Могилев А. В. Александр Владимирович
Další autoři: Пак Н. И. Николай Инсебович (редактор), Хеннер Е. К. Евгений Карлович
Shrnutí:Исключено из фонда НТБ ТПУ
Jazyk:ruština
Vydáno: Москва, Академия, 2009
Vydání:7-е изд., стер.
Edice:Высшее профессиональное образование. Педагогические специальности
Médium: MixedMaterials Kniha
KOHA link:https://koha.lib.tpu.ru/cgi-bin/koha/opac-detail.pl?biblionumber=143958

MARC

LEADER 00000nam0a2200000 4500
001 143958
005 20231031143453.0
010 |a 9785769563423 
035 |a (RuTPU)RU\TPU\book\156020 
035 |a RU\TPU\book\124609 
035 |a RU\TPU\book\137963 
090 |a 143958 
100 |a 20071217d2009 m y0rusy50 ca 
101 0 |a rus 
102 |a RU 
105 |a a j 001zy 
200 1 |a Информатика  |e учебное пособие  |f А. В. Могилев, Н. И. Пак, Е. К. Хеннер  |g под ред. Е. К. Хеннера 
205 |a 7-е изд., стер. 
210 |a Москва  |c Академия  |d 2009 
215 |a 842 с.  |c ил. 
225 1 |a Высшее профессиональное образование. Педагогические специальности 
333 |a Исключено из фонда НТБ ТПУ 
700 1 |a Могилев  |b А. В.  |g Александр Владимирович 
701 1 |a Пак  |b Н. И.  |g Николай Инсебович 
701 1 |a Хеннер  |b Е. К.  |g Евгений Карлович 
702 1 |a Хеннер  |b Е. К.  |g Евгений Карлович  |4 340 
801 1 |a RU  |b 63413507  |c 20080926  |g PSBO 
801 2 |a RU  |b 63413507  |c 20211012  |g RCR 
942 |c BK 
959 |a 82/20080924  |d 2  |e 464,00  |f АНЛ:1  |f ЧЗТЛ:1 
959 |a 88/20090901  |d 2  |e 563,20  |f АНЛ:1  |f ЧЗТЛ:1